[Event "RUS-CHN Summit (Women) 4th"]
[Site "Nizhnij Novgorod"]
[Date "2007.08.23"]
[Round "4"]
[White "Kosintseva, Tatiana"]
[Black "Huang, Qian"]
[Result "1-0"]
[WhiteElo "2502"]
[BlackElo "2410"]
[Annotator "Kosintseva,N+T"]
[PlyCount "89"]
[EventDate "2007.08.20"]
[EventType "schev"]
[EventRounds "10"]
[EventCountry "RUS"]
[SourceTitle "CBM 119 Extra"]
[Source "ChessBase"]
[SourceDate "2007.09.04"]
[SourceVersion "1"]
[SourceVersionDate "2007.09.04"]
[SourceQuality "1"]

1. e4 c5 2. Nf3 d6 3. d4 cxd4 4. Nxd4 Nf6 5. Nc3 a6 6. Be3 e5 {In the previous
year's CHN-RUS match, in her game against me, Huang Qian played 6...Ng4, which
did not lead to the desired results in the opening. It is therefore no
surprise that this time she switched to the system with 6...e5, which she also
plays. However, here a surprise awaited her, in the form of the move 7.Nb3,
since earlier, I had played only 7.Nf3, against which m opponent's preparation
was principally directed.} 7. Nb3 Be6 8. Qd2 Be7 9. f4 {A rare continuation.
By exchanging off the e5 pawn, White secures a path for the knight on b3 to
return to the kingside (Nb3-d4-f5), and also incrsaes the pressure against the
d6-pawn. However, Black gets use of the e5 square, and the pawn on e4 becomes
isolated and in need of additional protection.} exf4 ({Also seen here are the
moves} 9... Ng4) (9... Qc7) (9... g6) 10. Bxf4 Nc6 11. O-O-O Ne5 12. Kb1 (12.
Nd4 $5 {deserved attention, immediately transferring the knigt to the kingside.
}) 12... O-O 13. h3 {Preparing the advance of the pawns.} b5 14. g4 Qc7 $6 ({
More principled was the pawn grab} 14... b4 15. Nd5 Nxe4 {as seen in the game
Stefansson,H-Adianto,U /Gausdal 1992, where there followed} 16. Nxe7+ Qxe7 17.
Qd4 Qb7 {and now not 18.Rg1? Nf3 19.Na5 Qe7 as seen in the above-mentioned
game, but} 18. Bg2 Nc3+ 19. Qxc3 Qxg2 20. Qxb4 {with an unclear position.}) 15.
Nd5 Bxd5 16. exd5 Nc4 17. Qg2 {After the exchange of bishop for knight, White
gets the possibility of of the interesting knight manoeuvre to c6 (Nb3-d4-c6).}
Nd7 {Preparing Bf6, therefore} 18. g5 Rfe8 $2 {The start of an incorrect
regrouping, which is too slow. Black should have started counterplay on the
queenside, otherwise the advance of the g- and h-pawns, in conjunction with
the bishop pair, will simply result in a mating attack against the black king.}
(18... Nc5 19. Bc1 (19. Nxc5 Qxc5 {/\ N:b2}) 19... Na4 20. Nd4 Na3+ 21. Ka1 $16
) (18... a5 19. Nd4 Nde5 20. h4 {-18...Nde5}) (18... Rfc8 19. Nd4 (19. h4 $5)
19... Nxb2 20. Kxb2 Qc3+ 21. Kb1 Qb4+ 22. Kc1 Qa3+ 23. Kd2 Re8 24. Qf3 $16) (
18... Ndb6 19. Bd3) (18... Nde5 $1 {The knight not only controls the important
square c6, but also, by taking up a central position, limits the scope of the
enemy pieces,a nd may, if need be, contribute to the defence of its king.} 19.
h4 a5 20. Nd4 Rfc8 (20... b4 21. Nc6) (20... a4 21. h5 a3 22. b3 Nb2 23. Nxb5
Qc5 24. Re1 $16) 21. h5 a4 ({not} 21... Nxb2 22. Kxb2 Qc3+ 23. Kb1 Qb4+ 24. Kc1
Nc4 25. Bxc4 Rxc4 26. Qe4 $16) 22. g6 Bf6 $132) 19. h4 Bf8 20. h5 {White has
pushed the pawns as far as possible, setting up the unpleasant threat of g6,
against which it is difficult to defend. The following variations are possible:
} Nc5 (20... Ne3 21. Bxe3 Rxe3 22. g6 $16) (20... Ndb6 21. Bd3 (21. g6 Na4 22.
gxf7+ (22. Bc1 Na3+ 23. Ka1 (23. bxa3 Nc3+ 24. Ka1 Nxd1 25. Bd3 Qc3+ 26. Kb1
Re1 $15) 23... Nxc2+ 24. Kb1 Na3+ $11) 22... Qxf7 23. Bc1 Be7 24. h6 Bf6 $132)
21... Na4 22. Bc1 g6 23. hxg6 hxg6 24. Qh2 Bg7 25. Bxg6 $18) (20... Nde5 21. g6
fxg6 22. hxg6 Nxg6 23. Bd3 $40) (20... g6 21. hxg6 fxg6 (21... hxg6 22. Qh2 Bg7
23. Bxc4 $18) 22. Nd4 $40) 21. Qf3 $6 ({Premature is} 21. Nd4 $2 {because of}
Nxb2 22. Kxb2 Na4+ 23. Kc1 Qc3) ({Stereotyped is} 21. g6 {in view of} Na4 {
(see the note to 20...Ndb6)}) ({More accurate was} 21. Nxc5 $1 Qxc5 22. g6 {
and now there is not the move} fxg6 (22... Nxb2 23. gxf7+ Kxf7 24. Qf3 $18) (
22... Qb4 23. Bc1) 23. hxg6 h6 24. Qf3 $16) (21. Rh3 g6 22. hxg6 fxg6 23. Nd4
Bg7) 21... Na4 ({Premature is} 21... g6 $2 22. hxg6 hxg6 23. Bxc4 bxc4 24. Nxc5
Qxc5 25. Bd2 $1 Bg7 26. Qh3 $40) 22. Bc1 Rac8 $2 {This routine move turns out
to be the decisive mistake, since White is able to bring the Nb3 into play,
after which the threats on the kingside become significantly more dangerous,
whilst at the same time, Black's queenside play runs up against a brick wall.}
(22... g6 {Only in this way can Black continue the pressure against White's
king and defend against the threat g6.} 23. h6 $5 {trying to play against the
bishop on f8.} ({Interesting variations arise after the natural} 23. hxg6 hxg6
24. Nd4 Bg7 25. Qh3 (25. Bxc4 bxc4 (25... Qxc4 26. Rh7 $3) 26. Qh3 Rab8 $132)
25... Naxb2 $1 26. Bxb2 Nxb2 27. Kxb2 Re4 (27... Qc5 28. Qd3) 28. Qh7+ (28. c3
b4 29. Nc6 bxc3+ 30. Kc2 Qb6 $40) 28... Kf8 29. Rh4 Rc8 30. Qxg7+ (30. c4 Rce8
$1 $40) 30... Kxg7 31. Rxe4 Qc3+ 32. Kb1 Qb4+ $11) 23... Rac8 24. Nd4 {>< c6}
Qc5 25. Bh3 (25. Bg2 $5) 25... Rc7 26. Rhf1 $36 Naxb2 $140 27. Bxb2 Re3 28. Qf6
Rxh3 29. Rde1 $3) 23. Nd4 {Notwithstanding the apparently powerful positions
of the knights, it is hard to see how Black can develop his attack further.
White has defended against possible sacrifices on the queenside and is himself
ready to continue his attack.} Ne5 (23... Re3 24. Bxe3 Nc3+ 25. bxc3 Na3+ 26.
Kc1 Qxc3 27. Bd3 $18) (23... Naxb2 24. Bxb2 Re3 25. Qf2 Nxb2 26. Kxb2 Qc3+ 27.
Kb1 Qb4+ 28. Nb3 $18) (23... g6 24. hxg6 hxg6 25. Bxc4 bxc4 (25... Qxc4 26.
Rh8+ $1 Kxh8 27. Qxf7 $18) 26. Qh3 Bg7 27. Ne6 $1 $18) 24. Qg3 Qc5 25. Bg2 ({
The aim could have been achieved more quickly by the forcing line} 25. g6 $1
Qxd5 26. Bh3 Rc4 27. Nf5 Qc5 28. gxh7+ Kxh7 29. Nxg7 $1 Bxg7 30. Rhg1 Bf6 31.
Rdf1 $18) 25... Qb4 26. Nc6 Qg4 27. Qxg4 Nxg4 28. Rde1 {The ending is
extremely difficult for Black, and practically impossible to save, especially
in conditions of time-trouble.} Ne5 29. Bf4 Nc4 30. Bh3 Ra8 31. g6 fxg6 ({
Also losing is} 31... Rxe1+ 32. Rxe1 fxg6 33. hxg6 Naxb2 34. Bg5 $1 (34. Be6+
Kh8 35. Bg5 Na4 36. Nd8 Ne5 37. Rf1 Rxd8 38. Bxd8 Nxg6 $16) 34... Na4 35. Nd8
$1 Nc5 (35... Ne5 36. Rf1 $18) 36. Re8 $18) 32. Be6+ Kh8 33. hxg6 h6 34. b3
Nc3+ 35. Ka1 Nb6 36. Be3 Nbxd5 37. Bd4 Rxe6 38. Rxe6 Rc8 39. Rf1 ({Simpler is} 
39. Rxh6+ Kg8 40. Rh7 $1 Rxc6 41. Re8 Nf6 42. Bxf6 gxf6 43. Rf7 $18) 39... Kg8
40. Kb2 b4 41. Nxb4 Nb5 42. Nxd5 Nxd4 43. Ne7+ Bxe7 44. Rxe7 Nc6 45. Rd7 1-0

[Event "EU-ch 1st"]
[Site "Saint Vincent"]
[Date "2000.07.11"]
[Round "8"]
[White "Timman, Jan H"]
[Black "Georgiev, Kiril"]
[Result "1-0"]
[WhiteElo "2639"]
[BlackElo "2661"]
[Annotator "Kostakiev,D"]
[PlyCount "165"]
[EventDate "2000.07.03"]
[EventType "swiss"]
[EventRounds "11"]
[EventCountry "ITA"]
[SourceTitle "CBM 078"]
[Source "ChessBase"]
[SourceDate "2000.10.18"]
[SourceVersion "1"]
[SourceVersionDate "2000.10.18"]
[SourceQuality "1"]

1. e4 c5 2. Nf3 d6 3. d4 cxd4 4. Nxd4 Nf6 5. Nc3 a6 6. Be3 Ng4 (6... e5 {
is still in vogue}) ({Very rare nowadays is played:} 6... Nbd7 7. Be2 Nc5 8. f3
e6 9. a4 Be7 10. Qd2 Qc7 11. O-O b6 12. Rfd1 Bb7 (12... O-O 13. b4 Nb7 14. b5
a5 15. Nc6 Re8 16. Bf4 e5 {1/2-1/2 Ivkov,B-Quinteros,M/Manila 1973/EXT 98 (23)}
) 13. b4 Ncd7 14. b5 {Kolev,V-Kostakiev,D/cor m11 - 1982 (14)}) 7. Bc1 Nf6 {
["Are you playing for a draw?"]} 8. f3 {["No I'm not!"...] The same position
but without Nf6-g4-f6 and Bc1-e3-c1, is of course well known:} e5 9. Nb3 (9.
Nde2 Be6 10. Nd5 Nxd5 11. exd5 {Ivanko-Zobel 1955 Stary Samokovec}) 9... Be6
10. Be3 (10. Bg5 Nbd7 11. Qd2 Be7 {0-1 Silva Nazzari,R-O'Kelly de Galway,A/
Lugano 1968/MCD (27)}) 10... Be7 11. Qd2 (11. Bd3 Nbd7 12. Qe2 Rc8 $11 {
0-1 Foguelman,A-Bolbochan,J/Buenos Aires 1960/MCD (39)}) 11... h5 $146 {
["So am I !..Let us try something new!.."} (11... Nbd7 12. g4 h6 {1/2-1/2 Lein,
A-Csom,I/Hastings 1978/MCD (16)}) (11... d5 12. exd5 Nxd5 13. Nxd5 Qxd5 14. Bd3
$14 {Hi732}) 12. Na4 (12. O-O-O $5) (12. Rd1 $5) 12... Nbd7 13. c4 (13. Nc3 $14
) 13... O-O 14. Rc1 Qb8 {/\ b7-b5} (14... Rc8 15. Be2 Nc5 16. Nc3 Nxb3 17. axb3
$14) 15. Nc3 $14 Rc8 16. Nd5 Bd8 (16... Bxd5 17. cxd5 $14) 17. Be2 b5 18. O-O
Nb6 (18... Bxd5 $5 19. cxd5 $14) 19. Na5 (19. cxb5 Bxd5 $15) 19... bxc4 {[#]}
20. Nxb6 $6 (20. Nxf6+ Bxf6 21. f4 $14) (20. Bxc4 Nxc4 21. Nxc4 Nxd5 22. exd5
$14) 20... Bxb6 $15 21. Nxc4 Bxc4 22. Bxc4 Bxe3+ 23. Qxe3 Qxb2 24. Rb1 (24.
Rfd1) 24... Qc2 25. Rfc1 Qa4 26. Qd3 Qd7 (26... Rc5 $15) 27. Rc3 (27. Rb2)
27... Rc6 (27... Rab8 28. Rbc1 (28. Rcb3 Rxb3 29. axb3 a5 30. Rd1 Ne8 31. Qe3
a4 $132) (28. Rxb8 Rxb8 29. Bb3 Qa7+ 30. Kf1 $15) 28... a5 $15) 28. Rcb3 (28.
Rc2 Rac8 29. Rbc1 a5 $15) 28... Rac8 $2 (28... Qc8 29. Rc1 Ra7 $15) 29. Rb7 $14
R8c7 30. Bxa6 Rc1+ 31. Rxc1 Rxc1+ 32. Kf2 Qc6 33. Rb2 Kh7 (33... Rc3 34. Qd2
Qc5+ 35. Ke2 Ra3 36. Bd3 Qg1 37. Qg5 Ra8 38. Bc4 (38. Rd2 Qxh2 $15) 38... Ng4
$19) 34. h4 Rc3 35. Qb5 {[#]} (35. Qd2 Qc5+ 36. Ke2 Rc1 $17) 35... Nxe4+ $1 36.
fxe4 Qxe4 37. Qb6 d5 38. Bf1 d4 39. Re2 Rc2 $6 (39... Qxh4+ $1 40. Kg1 f6 (
40... Qg3 41. a4 $5 (41. Qb7 f6 42. Qe4+ Qg6 43. Qxg6+ Kxg6 44. Rd2 Ra3 45. Bc4
Kf5 46. Bd5 h4 47. Kf1 Kf4 48. Ke2 f5 49. Rd3 Rxd3 50. Kxd3 g5 51. a4 g4 52. a5
e4+ 53. Ke2 d3+ 54. Kf2 e3+ 55. Ke1 e2 56. Kd2 Kg3 57. Ke1 f4 58. Be4 h3 59.
gxh3 gxh3 60. Bxd3 h2 61. Kxe2 h1=Q $19) 41... Ra3 42. Qb1+ d3 43. Rf2 Qe3 44.
Qd1 Kg6 45. Qf3 Qxf3 46. gxf3 f5 47. Rg2+ Kh6 48. Rb2 e4 49. fxe4 fxe4 50. Kf2
d2 51. Be2 h4 52. Rb4 e3+ 53. Kf3 g5 54. Rd4 Kg7 55. a5 Kf6 56. a6 Ke5 57. Rd8
Kf5 58. Rd5+ Kf6 59. Rd6+ Ke5 60. Rd8 Kf5 61. Rd5+ Kf6 $11) 41. Qe6 $5 (41. Rf2
Kh6 42. Qe6 d3 43. Qe8 Qd4 44. Qh8+ Kg6 45. Qe8+ Kg5 46. Qf7 Kh6 $1 $19) 41...
d3 42. Qf5+ g6 $15) 40. Qb3 Qf4+ $2 (40... Qxh4+ 41. Qg3 (41. Kg1 Rxe2 42. Bxe2
Qe1+ 43. Bf1 Kg6 44. a4 h4 45. Qc2+ f5 46. Qf2 Qe4 47. a5 Qd5 48. a6 d3 49. g4
fxg4 50. Qxh4 Kf5 51. a7 d2 52. Qf2+ Kg6 53. a8=Q Qxa8 54. Qxd2 Qa7+ 55. Kg2
Qd4 $11) 41... Qxg3+ 42. Kxg3 Rc1 43. Kf2 f6 44. Rd2 (44. Re4 Rc2+ 45. Re2 Rc3
46. g3 g5 47. Bg2 $15) 44... f5 45. Bb5 Ra1 $15) 41. Qf3 $16 (41. Kg1 $16)
41... Qxh4+ 42. g3 Rxe2+ 43. Bxe2 Qe7 44. Qxh5+ Kg8 45. Bc4 d3 46. Bxd3 $18
Qa7+ 47. Kf3 Qxa2 48. Qh7+ Kf8 49. Qh8+ Ke7 50. Qxg7 Qd5+ 51. Ke3 Qd4+ 52. Ke2
Qb2+ 53. Kf1 Qc1+ 54. Kf2 Qd2+ 55. Be2 Qd4+ 56. Kg2 Qe4+ 57. Bf3 Qf5 58. Qg4
Qc2+ 59. Kh3 Kf8 60. Qe4 Qc8+ 61. Bg4 Qc1 62. Bf5 Qh6+ 63. Qh4 Qd6 64. Qg5 Qc6
65. Kg4 Qc4+ 66. Kh5 Qe2+ 67. g4 Qh2+ 68. Qh4 Qd2 69. Be4 Ke8 70. g5 Kf8 71.
Qg3 Qd6 72. Qd3 Qe6 73. Qf3 Ke7 74. Bc2 Qd6 75. Qb7+ Kf8 76. Bb3 Qg6+ 77. Kg4
Kg7 78. Bd5 e4 79. Qb2+ Kh7 80. Qe5 Kg8 81. Qf6 Qxf6 82. gxf6 e3 83. Kf3 1-0

[Event "Gibraltar Masters 18th"]
[Site "Caleta"]
[Date "2020.01.24"]
[Round "4"]
[White "Wang, Hao"]
[Black "Moussard, Jules"]
[Result "1-0"]
[WhiteElo "2758"]
[BlackElo "2600"]
[Annotator "Krasenkow,M"]
[PlyCount "101"]
[EventDate "2020.01.21"]
[EventType "swiss"]
[EventRounds "10"]
[EventCountry "GGB"]
[SourceTitle "CBM 194 Extra"]
[Source "ChessBase"]
[SourceDate "2020.03.31"]
[SourceVersion "1"]
[SourceVersionDate "2020.03.31"]
[SourceQuality "1"]

{[%evp 0,101,19,38,40,40,80,81,82,70,68,30,75,46,68,38,51,35,43,24,15,25,1,31,
23,1,-7,-11,6,0,-17,-36,8,8,29,28,19,13,16,-59,13,-1,25,25,14,-42,-42,-38,-23,
-44,-44,-70,-71,-60,-76,-76,-76,-66,-41,-70,-96,-82,-75,-47,-57,-6,-7,-34,-37,
-37,0,0,0,0,77,92,70,70,70,72,121,72,261,232,271,328,344,344,349,371,377,408,
396,414,485,501,511,505,547,577,601,658,685,682]} 1. e4 c5 2. Nf3 d6 3. d4 Nf6
4. Nc3 cxd4 5. Nxd4 a6 6. Be3 Nbd7 7. g4 {A rare order of moves, leading to a
relatively fresh position, which is a common opening strategy nowadays.} h6 ({
An immediate counter attack in the centre -} 7... d5 {- is met with} 8. Nb3 $1
Nxe4 (8... h5 9. g5 Ng4 10. g6 fxg6 11. Qxd5 Nxe3 12. fxe3 Qc7 13. O-O-O $16 {
0-1 (28) De la Paz Perdomo,F (2462)-Gongora Reyes,M (2439) Santa Clara 2000})
9. Nxd5 e6 10. Nb6 $1 Rb8 11. Nxc8 Rxc8 {0-1 (37) Ponting,A (1674)-Rattay,W 
(1898) Lechenicher SchachServer 2010} 12. Qd4 $14) 8. a4 {Preventing ...b7-b5.
Other options:} (8. Bg2 Ne5 $5 9. h3 Nc4 10. Bc1 e5 11. Nde2 b5 12. b3 Nb6 13.
a4 b4 14. a5 Nbd7 15. Nd5 Nxd5 16. Qxd5 Rb8 $13 {1/2 (52) Votava,J (2541)
-Babula,V (2566) Pardubice 2011}) (8. f3 b5 $5 9. a4 b4 10. Nc6 Qc7 11. Nxb4 e6
{[%cal Rd6d5]} 12. Nca2 (12. Nd3 Bb7 {[%cal Yd6d5]}) 12... Bb7 $44 13. Qe2 $6
d5 $36 {1/2 (23) Maes,W (2321)-Talon,A (2117) Geraardsbergen 2003}) (8. h4 b5
9. a4 {1/2 (35) Andriasian,Z (2645)-Al Sayed,M (2485) Dubai 2011} {, and now}
b4 $1 10. Nc6 Qc7 11. Nxb4 e6 $44 {like in the previous line}) 8... Nc5 9. f3
e5 10. Nb3 (10. Nf5 $5 {looks quite promising, too, e.g.} g6 (10... Be6 11. b4
Ncd7 12. Nxd6+) 11. Ng3 Be6 12. Nd5 $14) 10... Nxb3 11. cxb3 Be6 12. Bc4 $1 {
[%mdl 32] It is important to establish control over the d5 square.} Rc8 13. Qd3
Qc7 {Black forces the exchange on e6 at the price of delay in development, and
White immediately starts an attack.} 14. Bxe6 fxe6 15. h4 {[%mdl 128]} (15.
O-O-O $5 {[%cal Yc1b1] was probably more precise} Be7 $140 (15... d5 16. exd5
Nxd5 (16... exd5 $2 17. Qg6+ Qf7 18. Qf5 $1) 17. Kb1 Nxc3+ 18. bxc3 $14) (15...
h5 16. g5 Nd7 17. Kb1 Be7 18. f4 $1 exf4 19. Bxf4 O-O 20. Qh3 $5 (20. Bxd6 Nc5
$16) 20... Rxf4 21. Qxe6+ Kf8 22. Rhf1 Bxg5 23. Nd5 Qc2+ 24. Ka1 Qxb3 (24...
Rxf1 25. Rxf1+ Nf6 26. Ne7 $18) 25. Nxf4 Qxa4+ 26. Qa2 $16) 16. Kb1 O-O 17. h4
h5 18. Bg5 $5) 15... h5 {[%mdl 256] Forcing g4-g5 in an attempt to shut the
kingside.} (15... d5 16. exd5 Bb4 17. Qg6+ Qf7 18. Qxf7+ Kxf7 19. dxe6+ Kxe6
20. Rc1 {keeping an extra pawn}) (15... Be7 16. O-O-O h5 17. g5 Nd7 {leads to
the game position.}) 16. g5 Nd7 17. O-O-O Be7 18. Kb1 O-O {Otherwise Black
will not be able to castle:} (18... g6 19. f4 exf4 20. Bxf4 Ne5 21. Bxe5 dxe5
22. Qh3 Qc6 23. Rhf1 $16) 19. g6 $1 Qd8 20. Bg5 $1 Nf6 21. Rhg1 {[%cal Yc3e2,
Ye2g3]} Qe8 $1 22. Rg2 {There was no need to give up this pawn.} (22. Qd2 $5
Qxg6 $2 23. Bh6) 22... Qxg6 23. Rdg1 Qf7 (23... Qh7 {prevents Bg5-h6 but White
keeps initiative, say, after} 24. Qe3 {. Black is a pawn up but completely
passive.}) 24. Bh6 Ne8 25. Bxg7 Nxg7 26. Rxg7+ Qxg7 27. Rxg7+ Kxg7 28. Ne2 Rf7
29. f4 $5 {Risky but interesting. Otherwise Black has no problems.} exf4 30.
Nd4 Rf6 31. Qf3 Rh8 {A bit too passive.} (31... Rc5 $5 {e.g.} 32. e5 $5 Rxe5
33. Qg2+ Rg6 34. Qxb7 Kf6 35. Nc6 Re1+ 36. Ka2 Rg7 $13) 32. Qc3 $1 Kf7 {
Enough for equality but Black must play accurately.} ({Even} 32... e5 $5 33.
Nf5+ Rxf5 34. exf5 Bxh4 35. Qc7+ Kf6 36. Qxd6+ Kxf5 {is possible. Black's f4
pawn is very strong, and White will have to give a perpetual after all.}) 33.
e5 dxe5 34. Nf3 Bd6 35. Ng5+ Ke7 36. Qf3 (36. Ne4 $6 Rf5) 36... Rc8 $2 {
[%mdl 8192]} (36... Rb8 $8 37. Qxh5 Rbf8 38. Qf3 (38. Qh7+ R8f7 39. Nxf7 Rxf7
$17 {[%csl Gf4]}) 38... Rb8 {holding on} ({or even} 38... Kd8 $5 39. Ne4 (39.
Qxb7 f3 40. Qxa6 f2 41. Qxd6+ Ke8 42. Qc6+ Ke7 $11) 39... Be7 {, and Black's
f4 pawn guarantees him sufficient counterplay in any case. If} 40. Nxf6 {then}
Rxf6 {[%cal Ye5e4] Of course, this was not easy to find and evaluate over he
board.})) 37. Qxb7+ Rc7 38. Qxa6 {[%cal Rg5e4]} Rf8 39. Qe2 {Comparing to
positions arising after 36...Rb8, there is a "minor" difference: White has
gained two queenside pawns. That is quite enough to win.} Kd7 40. b4 $1 Be7 41.
Qd3+ Kc8 42. Qa6+ Kb8 43. Nxe6 Rf6 44. Qb5+ Rb7 45. Qxe5+ Kc8 46. Nxf4 Rxf4 47.
Qxf4 Rxb4 48. Qf7 Bd8 49. a5 $1 Kb8 50. a6 Rb6 51. a7+ {The overall conclusion:
7.g4! is quite dangerous, and 6...Nbd7 is rather dubious.} 1-0